Đang tải...

Chi tiết về thư mục
Những tác giả chính: Cochran, William G, Snedecor, George W
Định dạng: Printed Book
Được phát hành: New Delhi, Oxford & I B H Publishing Company 1967
Phiên bản:Ed. 6
Những chủ đề:
LEADER 005410000a22001930004500
022 |a 12-06-2004 
041 |a English 
082 |a 519.5 K7 
100 |a Cochran, William G 
100 |a Snedecor, George W 
250 |a Ed. 6 
260 |a New Delhi, Oxford & I B H Publishing Company 
260 |c 1967 
650 |a Correlation 
650 |a Mathematics 
650 |a Statistics 
942 |c BK 
999 |c 142997  |d 142993 
952 |0 0  |1 0  |4 0  |6 519_500000000000000_K7  |7 0  |9 141779  |a SCC  |b SCC  |d 2017-10-11  |l 0  |o 519.5 K7  |p SCC03280  |r 2017-10-11  |w 2017-10-11  |y BK